| 000 | 00483nam a22001937a 4500 | ||
|---|---|---|---|
| 001 | 2948 | ||
| 003 | BD-DhBUF | ||
| 005 | 20260111124548.0 | ||
| 008 | 260111b bg ||||| |||| 00| 0 ben d | ||
| 020 | _a139780618833450 | ||
| 040 |
_aBD-DhBUF _cBD-DhBUF |
||
| 100 | _aGriffin, Ricky W. | ||
| 245 |
_aManagement / _c Ricky W. Griffin, |
||
| 260 |
_aNew York : _bHoughton Mifflin , _cC 2008. |
||
| 300 |
_a738p. : _c21cm. ; |
||
| 526 | _aBBA | ||
| 650 | _aManagement | ||
| 942 |
_2ddc _cBK |
||
| 999 |
_c2948 _d2948 |
||